Το τσεκούρι, το κότο και το χρυσάνθεμο

Αποθηκεύτηκε σε:
Λεπτομέρειες βιβλιογραφικής εγγραφής
Κύριος συγγραφέας: Yokomizo, Seishi 1902-1981
Άλλοι συγγραφείς: Αγγελίδου, Μαρία (trlf)
Μορφή: Βιβλίο
Γλώσσα:Greek
French
Δημοσίευση: Αθήνα : Αγρα, 1992
Σειρά:Αστυνομική λογοτεχνία (Άγρα)
Θέματα:
Ετικέτες: Προσθήκη ετικέτας
Δεν υπάρχουν, Καταχωρήστε ετικέτα πρώτοι!

MARC

LEADER 00000cam a2200000 i 4500
001 1/54409
008 941103s1992 gr ||| | gre||
035 |a 1994  |c ΒΙΒΛΙΟΘΗΚΗ  |l 10044987 
040 |a GR-MyUA  |b gre  |e AACR2 
041 1 |a gre  |h fre 
082 0 |a 895.635  
100 1 |a Yokomizo, Seishi  |d 1902-1981. 
245 1 3 |a Το τσεκούρι, το κότο και το χρυσάνθεμο /   |c Seishi Yokomizo ; μετάφραση από τα γαλλικά Μαρία Αγγελίδου.  
260 |a Αθήνα :   |b Αγρα,   |c 1992 
300 |a 385 σ. ;   |c 17 εκ.  
490 1 |a (Σειρά αστυνομικής λογοτεχνίας) 
650 0 0 |a Japanese fiction. 
700 1 |a Αγγελίδου, Μαρία,  |e trlf 
830 0 |a Αστυνομική λογοτεχνία (Άγρα) 
852 |a INST  |b SAMOS  |e 19941103  |h 895.635 YOK  |p 005300004322  |q 005300004322  |t BK  |y 0 
909 |a Σ  |b 034720